Human rights and democracy in southern Africa : papers presented at the conference ... (Record no. 45967)

MARC details
000 -LEADER
fixed length control field 01011nam a2200217 a 4500
008 - FIXED-LENGTH DATA ELEMENTS--GENERAL INFORMATION
fixed length control field 120416s1998 ||||||||||||||||| || u
020 ## - INTERNATIONAL STANDARD BOOK NUMBER
International Standard Book Number 9991631607
050 ## - LIBRARY OF CONGRESS CALL NUMBER
Classification number JC 599 Con
100 ## - MAIN ENTRY--PERSONAL NAME
Personal name Fischer-Buder, Karin
245 10 - TITLE STATEMENT
Title Human rights and democracy in southern Africa : papers presented at the conference ...
260 ## - PUBLICATION, DISTRIBUTION, ETC.
Place of publication, distribution, etc. Windhoek
Name of publisher, distributor, etc. New Namibia Books
Date of publication, distribution, etc. 1998
300 ## - PHYSICAL DESCRIPTION
Extent iv, 273 p.
350 ## - PRICE (NR) (BK AM CF MU VM SE) [OBSOLETE]
Price 0.00
500 ## - GENERAL NOTE
General note '... 1996 Conference on Human Rights in Southern Africa, organized by the University of Namibia ... in co-operation with UNESCO ...
650 ## - SUBJECT ADDED ENTRY--TOPICAL TERM
Topical term or geographic name entry element POLITICS
650 ## - SUBJECT ADDED ENTRY--TOPICAL TERM
Topical term or geographic name entry element HUMAN RIGHTS--AFRICA, SOUTHERN--CONGRESSES
710 ## - ADDED ENTRY--CORPORATE NAME
Corporate name or jurisdiction name as entry element University of Namibia
710 ## - ADDED ENTRY--CORPORATE NAME
Corporate name or jurisdiction name as entry element Conference on Human Rights in Southern Africa (1996 : Windhoek, Namibia)
710 ## - ADDED ENTRY--CORPORATE NAME
Corporate name or jurisdiction name as entry element United Nations Educational, Scientific and Cultural Organization (UNESCO)
995 ## - RECOMMENDATION 995 [LOCAL, UNIMARC FRANCE]
-- 0.00
-- CBU-MAIN LIBRARY (Kitwe)
-- 1
-- 14.95
-- 1
-- AVAILABLE
-- Main Library Open Access Collection
Holdings
Withdrawn status Lost status Source of classification or shelving scheme Damaged status Not for loan Home library Current library Shelving location Date acquired Total Checkouts Full call number Barcode Date last seen Price effective from Koha item type
          CBU-MAIN LIBRARY, KITWE. CBU-MAIN LIBRARY, KITWE.   11/30/2022   JC 599 Con 027637 11/30/2022 11/30/2022 MONOGRAPH